Štátna vedecká knižnica v Košiciach Vás pozýva na prehliadku výstavy ... Rodina - základ života spoločnosti ... [pozvánka]

Bibliographic Details
Format: Book
Language:Slovak
PhysicalDescription:1 list ([1] s.) 11 x 15 cm
Published: Košice Štátna vedecká knižnica 1994
Edition:1. vyd.
Subjects:

MARC

LEADER 00000nam a2200000 a 4500
001 vtls001247198
003 SK-MaSNL
005 20260302065310.0
008 240226s1994 xo 000 0 slo
035 |a SNK000198017 
035 |a urn:nbn:sk:snk-amkuqp 
035 |a urn:nbn:sk:snk-am004g9j 
035 |a 4A8AD46C-B2F4-4A91-8D34-05B68F7603B9 
040 |a SNK  |b slo  |c SNK  |e AACR2 
041 0 |a slo 
044 |a xo  |c SK 
080 |a 173+347.6+362.17:061.4(083.97)  |2 1981 
080 |a 347.6  |2 1981 
080 |a 362.17  |2 1981 
245 0 0 |a Štátna vedecká knižnica v Košiciach Vás pozýva na prehliadku výstavy ... Rodina - základ života spoločnosti ...  |b [pozvánka] 
246 1 0 |a Rodina - základ života spoločnosti 
250 |a 1. vyd. 
260 |a Košice  |b Štátna vedecká knižnica  |c 1994 
300 |a 1 list ([1] s.)  |c 11 x 15 cm 
610 2 7 |a Štátna vedecká knižnica v Košiciach  |2 SNKKA  |9 252348 
648 7 |a 1994  |2 SNK  |9 270209 
650 0 7 |a výstavy  |2 SNK  |9 2780 
651 7 |a Košice (Slovensko)  |2 SNK  |9 18694 
655 7 |a pozvánky  |2 SNK  |9 71913 
710 2 |a Štátna vedecká knižnica v Košiciach  |4 orm  |9 252348 
999 |c 1141313  |d 1143243 
952 |t P60, <03>, [BOOK], {603}  |a SNK  |b SNK  |y PREZ  |7 0  |p 17A0039944  |o snkLSE 464  |i snkKSP 6068/94  |0 0  |1 0  |4 0  |d 2001-02-01  |f 1  |l 0  |r 2005-01-01 00:00:00  |w 2026-02-24